000 00373nam a2200157Ia 4500
008 200103s9999||||xx |||||||||||||| ||und||
020 _a1870077326
040 _aIMU-MPC
082 _aColumn-10
100 _aParritt, B. A. H.
245 0 _aCrime at Sea: A practical Guide
250 _a1st Ed.
260 _bThe nautical Institute
_c1996
300 _a110
942 _cBK
999 _c4334
_d4334